<?xml version="1.0" encoding="UTF-8"?>
<marc:record xmlns:marc="http://www.loc.gov/MARC21/slim">
   <marc:leader>00000nam a2200000 a 4500</marc:leader>
   <marc:datafield ind1="1" ind2=" " tag="100">
      <marc:subfield code="a">Handeland, Lori</marc:subfield>
      <marc:subfield code="4">aut</marc:subfield>
      <marc:subfield code="e">Verfasser/-in</marc:subfield>
   </marc:datafield>
   <marc:datafield ind1="1" ind2=" " tag="100">
      <marc:subfield code="a">Handeland, Lori</marc:subfield>
   </marc:datafield>
   <marc:datafield ind1="0" ind2="0" tag="245">
      <marc:subfield code="a">Wolfskuss</marc:subfield>
   </marc:datafield>
   <marc:datafield ind1="0" ind2="0" tag="245">
      <marc:subfield code="b">Roman</marc:subfield>
   </marc:datafield>
   <marc:datafield ind1="0" ind2="0" tag="245">
      <marc:subfield code="c">Lori Handeland. Ins Dt. übertr. von Patricia Woitynek</marc:subfield>
   </marc:datafield>
   <marc:datafield ind1=" " ind2="1" tag="264">
      <marc:subfield code="a">Köln</marc:subfield>
      <marc:subfield code="b">LYX Egmont</marc:subfield>
      <marc:subfield code="c">2008</marc:subfield>
   </marc:datafield>
   <marc:datafield ind1=" " ind2=" " tag="250">
      <marc:subfield code="a">1. Aufl.</marc:subfield>
   </marc:datafield>
   <marc:datafield ind1="1" ind2=" " tag="520">
      <marc:subfield code="a">Angaben aus der Verlagsmeldung

Wolfskuss Night Creatures vol 1: Blue Moon / von Lori Handeland

Die junge Jessie McQuade ist Polizistin mit Leib und Seele. In der verschlafenen Kleinstadt Miniwa sorgt sie für Recht und Ordnung, bis eines Tages ein Wolf angefahren wird. Als Jessie der Spur des verletzten Tiers folgt, stößt sie auf einen äußerst gut aussehenden jungen Mann. Kurz darauf werden mehrere Leichen gefunden, die offenbar durch Wolfsbisse ums Leben gekommen sind …Düster, erotisch, fesselnd - der erste Roman der knisternden Werwolf-Serie „Geschöpfe der Nacht“ „Haltet euch fest! Lori Handelands toughe Heldin stellt die Welt der Fantasy Romance auf den Kopf!“ Romantic Times
</marc:subfield>
   </marc:datafield>
   <marc:datafield ind1=" " ind2=" " tag="020">
      <marc:subfield code="a">9783802581533</marc:subfield>
      <marc:subfield code="9">9783802581533</marc:subfield>
   </marc:datafield>
   <marc:datafield ind1=" " ind2=" " tag="041">
      <marc:subfield code="a">ger</marc:subfield>
   </marc:datafield>
   <marc:datafield ind1=" " ind2=" " tag="300">
      <marc:subfield code="a">365 S.</marc:subfield>
   </marc:datafield>
</marc:record>
